| 000 | 00441nam a2200181Ia 4500 | ||
|---|---|---|---|
| 001 | 9546 | ||
| 005 | 20260306161726.0 | ||
| 008 | 260306t1999||||xx |||||||||||||| ||spa|| | ||
| 041 | _aESP | ||
| 082 |
_a382 _bP59 |
||
| 100 |
_aPineda Vásquez, Blanca Luz _eAUT |
||
| 245 | 0 |
_aComercio exterior: _bopción del siglo XXI |
|
| 260 | _c1999 | ||
| 300 |
_a470 páginas : _c21 cm. |
||
| 650 | _aGEN | ||
| 654 | _aCAN | ||
| 942 |
_cLIB _dJUS _fJUS _2ddc _n |
||
| 999 |
_c9546 _d9546 |
||